| 000 | 00678cam a2200241 4500 | ||
|---|---|---|---|
| 001 | J1516 | ||
| 008 | 090401t1991 xxu||||| |||| 00| 0 eng d | ||
| 035 | _a(Sirsi) u43915 | ||
| 041 | _aeng | ||
| 050 | _a332.6324 | ||
| 110 |
_aClifford Chance _92015 |
||
| 245 | _aInvesting in commercial property in the UK. | ||
| 260 |
_aLondon _bClifford Chance _c1991 |
||
| 300 | _a22p. ; 30cm. | ||
| 350 | _a0 | ||
| 650 | _aPROPERTY-COMMERCIAL PROPERTY | ||
| 650 | _aFOREIGN INVESTMENT-UK | ||
| 650 | _aPROPERTY FINANCE | ||
| 650 | _aPROPERTY INVESTMENT | ||
| 690 | _aPROPERTY-COMMERCIAL PROPERTY-COMMERCIAL PROPERTY FINANCE AND INVESTMENT | ||
| 942 | _n0 | ||
| 948 | _c04/03/1997 | ||
| 999 |
_c91407 _d91407 |
||